000 00471nam a2200169 i 4500
001 bg
100 1 _aMONKIEWICZ, Grażyna
245 0 _aZagraniczna polityka naukowo-techniczna Polski /
_cG. Monkiewicz, J. Monkiewicz, J. Ruszkiewicz.
260 _aWrocław,
_c1989.
700 1 _aMONKIEWICZ, Jan
700 1 _aRUSZKIEWICZ, Jerzy
040 _cBPK
041 _apol
080 _a001.89:501:62](438)"19"
942 _cKS
008 s pl f |000 0 pol
999 _c28868
_d28868
856 _uhttp://koha.tu.koszalin.pl/cgi-bin/koha/opac-detail.pl?biblionumber=28868
_yKatalog online BPK